000 00196 a2200097 4500
020 _a9780439663816
041 _aspa
100 _aMireille D Allance
245 _aNo No adn No No es no
942 _cK
999 _c30661
_d30659